000 00266nam a22001217a 4500
008 171129b xxu||||| |||| 00| 0 eng d
041 _aeng
080 _a573
100 _a11
101 _aBIO
245 _aNON-FLOWERING PLANTS
_cSHUTTLEWORTH,F.S
942 _2udc
_cBK
999 _c38617
_d38617